Induced plant defenses against pathogens and herbivores: biochemistry, ecology, and agriculture
I tiakina i:
| Ngā kaituhi matua: | , , |
|---|---|
| Hōputu: | Pukapuka |
| Reo: | Ingarihi |
| I whakaputaina: |
Minneapolis
APS
1999
|
| Ngā marau: | |
| Ngā Tūtohu: |
Tāpirihia he Tūtohu
Kāore He Tūtohu, Me noho koe te mea tuatahi ki te tūtohu i tēnei pūkete!
|
MARC
| LEADER | 00000nam a2200000 a 4500 | ||
|---|---|---|---|
| 001 | UCN3699 | ||
| 003 | CL-VaPUC | ||
| 008 | 010706e19990000US |||||||||||||||||eng|d | ||
| 082 | 0 | 4 | |a 632.9 |b AGR |2 21 |
| 100 | 0 | |a Agrawal, Anurag A |e author |9 460341 | |
| 700 | 0 | |a Tuzun, Sadik |e author |9 460342 | |
| 700 | 0 | |a Bent, Elizabeth |e author |9 460343 | |
| 245 | 1 | 0 | |a Induced plant defenses against pathogens and herbivores: biochemistry, ecology, and agriculture |
| 300 | |a 390 p | ||
| 942 | |c BK | ||
| 945 | |d 20010706 00:00:00 |a cmena | ||
| 260 | |a Minneapolis |b APS |c 1999 | ||
| 650 | 0 | |a Control de plagas |9 327373 | |
| 650 | 0 | |a Plaguicidas |9 259645 | |
| 650 | 7 | |a BIOQUIMICA DEL SUELO |2 CL-VaPUC |9 460344 | |
| 583 | |a last modification |c 20130429 10:19:05 |k Rodrigo Vera | ||
| 999 | |c 296484 |d 296482 | ||
| 952 | |0 0 |1 0 |4 0 |6 632_900000000000000_AGR_1999 |7 0 |8 A |9 350274 |a BIBAGR |b BIBAGR |d 2019-11-20 |i 3736059 |o 632.9 AGR 1999 |p 3736059 |r 2025-01-20 |w 2019-11-20 |y BK |k AGR | ||